Handbook of hydraulic resistance / (Record no. 61088)

000 -LEADER
fixed length control field 01317cam a2200325 a 4500
001 - CONTROL NUMBER
control field 4396355
003 - CONTROL NUMBER IDENTIFIER
control field NUST-PNEC
005 - DATE AND TIME OF LATEST TRANSACTION
control field 20170116180714.0
008 - FIXED-LENGTH DATA ELEMENTS--GENERAL INFORMATION
fixed length control field 920710s1994 flua b 001 0 eng
010 ## - LIBRARY OF CONGRESS CONTROL NUMBER
LC control number 92027383
020 ## - INTERNATIONAL STANDARD BOOK NUMBER
International Standard Book Number 0849399084
040 ## - CATALOGING SOURCE
Transcribing agency PNEC
041 1# - LANGUAGE CODE
Language code of text/sound track or separate title eng
Language code of original rus
050 00 - LIBRARY OF CONGRESS CALL NUMBER
Classification number TA357
Item number .I3413 1994
082 00 - DEWEY DECIMAL CLASSIFICATION NUMBER
Classification number 620.106 IDE
100 1# - MAIN ENTRY--PERSONAL NAME
Personal name Idelchik, I.E.
9 (RLIN) 646
240 10 - UNIFORM TITLE
Uniform title Spravochnik po gidravlicheskim soprotivlenii︠a︡m.
Language of a work English
245 10 - TITLE STATEMENT
Title Handbook of hydraulic resistance /
Statement of responsibility, etc. I.E. Idelchik ; editor, M.O. Steinberg ; translated by Greta R. Malyavskaya ; translation editor, Oleg G. Martynenko.
250 ## - EDITION STATEMENT
Edition statement 3rd ed.
260 ## - PUBLICATION, DISTRIBUTION, ETC.
Place of publication, distribution, etc. Boca Raton, FL :
Name of publisher, distributor, etc. CRC Press,
Date of publication, distribution, etc. c1994.
300 ## - PHYSICAL DESCRIPTION
Extent 790 p. :
Other physical details ill. ;
Dimensions 26 cm.
500 ## - GENERAL NOTE
General note Includes Index http://www.amazon.com/Handbook-Hydraulic-Resistance-I-Idelchik/dp/0849399084/ref=sr_1_1?s=books&ie=UTF8&qid=1413442213&sr=1-1&keywords=0849399084
504 ## - BIBLIOGRAPHY, ETC. NOTE
Bibliography, etc. note Includes bibliographical references and index.
650 #0 - SUBJECT ADDED ENTRY--TOPICAL TERM
Topical term or geographic name entry element Fluid dynamics.
General subdivision ME
650 #0 - SUBJECT ADDED ENTRY--TOPICAL TERM
Topical term or geographic name entry element Frictional resistance (Hydrodynamics)
700 1# - ADDED ENTRY--PERSONAL NAME
Personal name Steinberg, M. O.
906 ## - LOCAL DATA ELEMENT F, LDF (RLIN)
a 7
b cbc
c orignew
d 1
e ocip
f 19
g y-gencatlg
942 ## - ADDED ENTRY ELEMENTS (KOHA)
Source of classification or shelving scheme
Koha item type Book
Holdings
Withdrawn status Lost status Source of classification or shelving scheme Damaged status Not for loan Permanent Location Current Location Shelving location Date acquired Source of acquisition Cost, normal purchase price Total Checkouts Full call number Barcode Date last seen Cost, replacement price Price effective from Koha item type
          Pakistan Navy Engineering College (PNEC) Pakistan Navy Engineering College (PNEC) Reference 01/02/1999 Progressive International Agency 8863.86   620.106 IDE PNECLIB-020317 10/16/2014 8863.86 01/02/1999 Book
© 2023 Central Library, National University of Sciences and Technology. All Rights Reserved.